Kandidaten Kampf der Realitystars - Statistiken

Allgemein
  • Dieses Quiz wurde 32 mal gespielt
  • Das Durchschnittsergebnis liegt bei 29 aus 139
Antwortstatistiken
Hint Antwort % Korrekt
Staffel 1 Georgina Fleur
63%
Staffel 3 Yeliz Koc
63%
Staffel 2 Claudia Obert
58%
Staffel 3 Elena Miras
58%
Staffel 5 Calvin Kleinen
54%
Staffel 2 Loona
54%
Staffel 3 Paco Herb
54%
Staffel 1 Sam Dylan
54%
Staffel 1 Kate Merlan
50%
Staffel 4 Matthias Mangiapane
50%
Staffel 5 Maurice Dziwak
50%
Staffel 5 Aleks Petrovic
46%
Staffel 4 Emmy Russ
46%
Staffel 4 Eva Benetatou
46%
Staffel 5 Kevin Schäfer
46%
Staffel 3 Schäfer Heinrich
46%
Staffel 4 Serkan Yavuz
46%
Staffel 2 Kader Loth
42%
Staffel 2 Mike Heiter
42%
Staffel 1 Sandy Fähse
42%
Staffel 6 Tara Tabitha
42%
Staffel 3 Yasin Mohamed
42%
Staffel 5 Cecilia Asoro
38%
Staffel 2 Gigi Birofio
38%
Staffel 1 Willi Herren
38%
Staffel 2 Alessia Herren
33%
Staffel 1 Hubert Fella
33%
Staffel 3 Iris Klein
33%
Staffel 5 Isi Glück
33%
Staffel 5 Jenny Elvers
33%
Staffel 1 Kevin Pannewitz
33%
Staffel 6 Laura Blond
33%
Staffel 4 Sarah Knappik
33%
Staffel 2 Andrej Mangold
29%
Staffel 6 Anita Latifi
29%
Staffel 6 Anouschka Renzi
29%
Staffel 2 Chris Broy
29%
Staffel 2 Cosimo Citiolo
29%
Staffel 4 Paul Janke
29%
Staffel 6 Christin Okpara
25%
Staffel 2 Gina-Lisa Lohfink
25%
Staffel 5 Gisele Oppermann
25%
Staffel 6 Giuliana Farfalla
25%
Staffel 6 Hati Suarez
25%
Staffel 6 Jens Hilbert
25%
Staffel 2 Laura Morante
25%
Staffel 6 Linda Nobat
25%
Staffel 2 Paul Elvers
25%
Staffel 3 Ronald Schill
25%
Staffel 2 Silvia Wollny
25%
Staffel 6 Stephen Dürr
25%
Staffel 3 Tessa Bergmeier
25%
Staffel 5 Annemie Herren
21%
Staffel 4 Antonia Hemmer
21%
Staffel 6 Daymian Weiss
21%
Staffel 6 Dennis Lodi
21%
Staffel 5 Elsa Latifaj
21%
Staffel 2 Frederic von Anhalt
21%
Staffel 4 Giulia Siegel
21%
Staffel 6 Martin Angelo
21%
Staffel 3 Sharon Trovato
21%
Staffel 3 Sissi Hofbauer
21%
Staffel 1 Steff Jerkel
21%
Staffel 5 Tanja Tischewitsch
21%
Staffel 5 Theresia Fischer
21%
Staffel 4 Tim Sandt
21%
Staffel 1 Zoe Saip
21%
Staffel 6 Ailton
17%
Staffel 4 Aneta Sablik
17%
Staffel 1 Annemarie Eifeld
17%
Staffel 6 Can Kaplan
17%
Staffel 2 Gino Bormann
17%
Staffel 3 Jan Leyk
17%
Staffel 1 Johannes Haller
17%
Staffel 2 Leon Machere
17%
Staffel 5 Lilo von Kiesenwetter
17%
Staffel 6 Martin Semmelrogge
17%
Staffel 1 Melissa Damilia
17%
Staffel 2 Narumol David
17%
Staffel 5 Noah Bibbles
17%
Staffel 3 Rich Nana
17%
Staffel 5 Silva Gonzalez
17%
Staffel 2 Tim Kühnel
17%
Staffel 5 Colleen Schneider
13%
Staffel 1 Jürgen Milski
13%
Staffel 4 Manni Ludolf
13%
Staffel 3 Mauro Corradino
13%
Staffel 3 Mike Cees
13%
Staffel 1 Momo Chahine
13%
Staffel 1 Oliver Sanne
13%
Staffel 4 Percival
13%
Staffel 6 Bela Klentze
8%
Staffel 5 Ben Tewaag
8%
Staffel 4 Bernd Kieckhäben
8%
Staffel 5 Christoph Oberheide
8%
Staffel 4 Daisy Dee
8%
Staffel 1 Dijana Cvijetic
8%
Staffel 3 Enrico Elia
8%
Staffel 2 Evil Jared Hasselhoff
8%
Staffel 2 Jenefer Riili
8%
Staffel 1 Krümel
8%
Staffel 5 Nina Anhan
8%
Staffel 3 Nina Christin
8%
Staffel 6 Pinar Sevim
8%
Staffel 4 Sascha Sirtl
8%
Staffel 5 Valencia Stöhr
8%
Staffel 2 Aminata Sanogo
4%
Staffel 1 Andrea Fürstin von Sayn Wittgenstein
4%
Staffel 6 Annina Semmelhaack
4%
Staffel 1 Aurelie Tshamala
4%
Staffel 5 Christos Manazidis
4%
Staffel 4 Daniel Schmidt
4%
Staffel 3 Fürst Heinz von Sayn-Wittgenstein
4%
Staffel 5 Heidi Kapuste
4%
Staffel 5 Heike Guderian
4%
Staffel 3 Ilona Jakic
4%
Staffel 4 Ingrid Pavic
4%
Staffel 4 Jay Sirtl
4%
Staffel 2 Julia Jasmin Rühle
4%
Staffel 5 Keno Veith
4%
Staffel 4 Lukas Baltruschat
4%
Staffel 3 Malkiel Rouven Dietrich
4%
Staffel 1 Marcellino Kremers
4%
Staffel 2 Rocco Stark
4%
Staffel 6 Shawne Fielding
4%
Staffel 3 Suzana Jakic
4%
Staffel 1 Tayisiya Morderger
4%
Staffel 2 Walther Hoffmann
4%
Staffel 2 Xenia Prinzessin von Sachsen
4%
Staffel 1 Yana Morderger
4%
Staffel 3 Chethrin Schulze
0%
Staffel 6 Frank Fussbroich
0%
Staffel 4 Jessica Sulikowski
0%
Staffel 6 Jonah Steinig
0%
Staffel 3 Larissa Neumann
0%
Staffel 4 Nico Patschinksi
0%
Staffel 3 Patrick Wernicke
0%
Staffel 4 Peggy Jerofke
0%
Staffel 4 Uschi Hopf
0%
Keine übereinstimmenden Quizze gefunden
Verteilung der Resultate
Anzahl Personen mit jedem Resultat
Perzentil nach korrekt beantworteten Fragen
Ihre Resultats-Entwicklung
Sie haben dieses Quiz noch nicht gespielt